Supply chain excellence : a handbook for dramatic improvement using the SCOR model

Saved in:
Bibliographic Details
Main Author: Bolstorff, Peter
Other Authors: Rosenbaum, Robert
Format: Book
Language:English
Published: New York : AMACOM, 2003
Subjects:
Tags: Add Tag
No Tags, Be the first to tag this record!

MARC

LEADER 00000nam a2200000 i 4500
001 1/65772
008 041116s2003 eng d
020 |a 0-8144-0730-7 (hbk.) 
035 |l 10075277 
040 |a GR-MY-UA  |b gre  |e aacr 
041 0 |a eng 
082 0 |a 658.7  |2 (21) 
100 1 |a Bolstorff, Peter. 
245 1 0 |a Supply chain excellence :  |b a handbook for dramatic improvement using the SCOR model /  |c Peter Bolstroff, Robert Rosenbaum 
260 |a New York :   |b AMACOM,   |c 2003 
300 |a xxvi, 278 σ.;  |b εικ.;  |c 24 εκ. 
504 |a Περιλαμβάνει ευρετήριο 
650 0 0 |a Business logistics  |x Management. 
700 1 |a Rosenbaum, Robert. 
852 |a INST  |b CHIOS  |e 20041116  |h 658.7 BOS  |p 005200022689  |q 005200022689  |t BK  |y 0 
901 |a BIBL2-2004-3 
909 |a Χ  |b 113245 
922 |a 2ΕΛΗ  |b 200408  |c ΤΔΕ  |d ΜΙΧΑΛΟΠΟΥΛΟΣ 
950 |a 112-2004-06-11 
970 |a ΣΠΕΝΤΖΑ  |b ΕΛΕΝΗ  |z 2004/12/03